[Event "US Masters op"]
[Site "Greensboro"]
[Date "2014.08.31"]
[Round "7"]
[White "Francisco, Richard"]
[Black "Thompson, Reece E"]
[Result "1/2-1/2"]
[WhiteElo "2281"]
[BlackElo "2007"]
[PlyCount "84"]
[EventDate "2014.08.28"]
[EventType "swiss"]
[EventRounds "9"]
[EventCountry "USA"]
[SourceTitle "CBM 162 Extra"]
[Source "ChessBase"]
[SourceDate "2014.10.17"]
[SourceVersion "1"]
[SourceVersionDate "2014.10.17"]
[SourceQuality "1"]

1. d4 Nf6 2. c4 d6 3. Nc3 Nbd7 4. g3 e5 5. d5 Be7 6. h4 0-0 7. Nf3 c6 8. Bg2 Re8 9. Ng5 Qc7 10. Be3 Nb6 11. Qd3 Bd7 12. Rd1 Qc8 13. b3 Bf5 14. Qd2 h6 15. Nge4 Nxe4 16. Nxe4 cxd5 17. cxd5 Nd7 18. Rc1 Qb8 19. 0-0 Nf6 20. Nc3 Ng4 21. Nb5 Bd8 22. Qb4 Nxe3 23. fxe3 Bd7 24. Be4 a6 25. Nc3 a5 26. Qc4 g6 27. Bb1 Qa7 28. h5 Qxe3+ 29. Kg2 Rc8 30. Qd3 Qxd3 31. Bxd3 Bg5 32. hxg6 f5 33. Rc2 e4 34. Bc4 Rc5 35. a4 Kg7 36. e3 Bxe3 37. Re2 Bd4 38. Nxe4 Rxe4 39. Rxe4 fxe4 40. Rf7+ Kxg6 41. Rxd7 Be5 42. Rxb7 Rc8 1/2-1/2